Dvacet let Divadla v Dlouhé : 1996-2016

Korporativní autor: Divadlo v Dlouhé
Jazyk: Čeština
Vydáno: [Praha] : Divadlo v Dlouhé, 2016
Témata:
Fyzický popis: 176 stran : ilustrace, portréty ; 20 x 21 cm
Knihy
Uloženo v:
LEADER 01840nam a2200529 i 4500
001 nkc20172883186
003 CZ PrNK
005 20180208103113.0
007 ta
008 170228s2016 xr ac e 010 0dcze
015 |a cnb002883186 
020 |a 978-80-270-1707-2  |q (v knize neuvedeno ;  |q brožováno) :  |c Kč 160,00 
035 |a (OCoLC)989921876 
040 |a OLA001  |b cze  |e rda 
043 |a e-xr---  |b e-xr-pg  |2 czenas 
045 |a x9y1 
072 7 |a 792  |x Divadlo. Divadelní představení  |2 Konspekt  |9 3 
080 |a 792.05  |2 MRF 
080 |a (437.311)  |2 MRF 
080 |a (062.552)  |2 MRF 
080 |a (082.2)  |2 MRF 
245 0 0 |a Dvacet let Divadla v Dlouhé :  |b 1996-2016 
246 3 |a 20 let Divadla v Dlouhé 
264 1 |a [Praha] :  |b Divadlo v Dlouhé,  |c 2016 
300 |a 176 stran :  |b ilustrace, portréty ;  |c 20 x 21 cm 
336 |a text  |b txt  |2 rdacontent 
336 |a statický obraz  |b sti  |2 rdacontent 
337 |a bez média  |b n  |2 rdamedia 
338 |a svazek  |b nc  |2 rdacarrier 
500 |a Chronologický přehled 
504 |a Obsahuje bibliografické odkazy 
610 2 7 |a Divadlo v Dlouhé  |7 kn20010709263  |2 czenas 
648 4 |a 1996-2016 
648 7 |a 20.-21. století  |7 ch462155  |2 czenas 
650 0 7 |a divadla  |7 ph119512  |z Česko  |y 20.-21. století  |2 czenas 
650 0 9 |a theaters  |z Czechia  |y 20th-21st centuries  |2 eczenas 
651 7 |a Praha (Česko)  |7 ge118011  |2 czenas 
651 9 |a Prague (Czechia)  |2 eczenas 
655 7 |a sborníky  |7 fd724344  |2 czenas 
655 7 |a jubilejní publikace  |7 fd131839  |2 czenas 
655 9 |a papers  |2 eczenas 
655 9 |a jubilee books  |2 eczenas 
710 2 |a Divadlo v Dlouhé  |7 kn20010709263  |4 aut  |4 isb 
910 2 |a BOA001  |b 2-1403.197 
990 |a BK 
995 |a 01 
996 6 |b 2610734638  |c 2-1403.197  |l MZK  |r Sklad / do 1 hodiny  |n 0  |p p.v.  |w 001651219  |u 000010  |a 1  |e BOA001  |j MZK50  |s P